アイドルマスターシリーズのコミカライズ作品 - Statistics

General Stats
  • This quiz has been taken 4 times
  • The average score is 7 of 33
Answer Stats
ブランド 作品名 % Correct
ミリ THE IDOLM@STER MILLION LIVE!
100%
AS THE IDOLM@STER
75%
AS 朝焼けは黄金色 THE IDOLM@STER
75%
ミリ アイドルマスター ミリオンライブ! Blooming Clover
50%
AS THE IDOLM@STER2 The world is all one !!
50%
デレ アイドルマスター シンデレラガールズ U149
50%
シャニ アイドルマスター シャイニーカラーズ
25%
デレ アイドルマスター シンデレラガールズ After20
25%
AS ぷちます! PETIT IDOLM@STER
25%
AS THE IDOLM@STER2 眠り姫
25%
AS THE IDOLM@STER2 Colorful Days
25%
AS THE IDOLM@STER Break!
25%
ミリ THE IDOLM@STER MILLION LIVE! BACK STAGE
25%
ミリ THE IDOLM@STER MILLION LIVE! THEATER DAYS Brand New Song
25%
ミリ THE IDOLM@STER MILLION LIVE! THEATER DAYS LIVELY FLOWERS
25%
AS THE IDOLM@STER relations
25%
デレ アイドルマスター シンデレラガールズ WILD WIND GIRL
25%
デレ アイドルマスター シンデレラガールズ ニュージェネレーションズ
0%
デレ アイドルマスター シンデレラガールズ 本日のアイドルさん
0%
デレ アイドルマスター シンデレラガールズ ロッキングガール
0%
シャニ アイドルマスター シャイニーカラーズ コヒーレントライト
0%
シャニ アイドルマスター シャイニーカラーズ 事務的光空記録
0%
デレ アイドルマスター シンデレラガールズ あんさんぶる!
0%
AS D@YS OF Jupiter 〜THE IDOLM@STER〜
0%
AS Jupiter 〜THE IDOLM@STER〜
0%
ミリ アイドルマスター ミリオンライブ! Road to stage
0%
SideM アイドルマスター SideM ドラマチックステージ
0%
SideM アイドルマスター SideM ストラグルハート
0%
SideM アイドルマスター SideM 理由あってMini!
0%
DS THE IDOLM@STER Innocent Blue for ディアリースターズ
0%
DS THE IDOLM@STER Neue Green for ディアリースターズ
0%
DS THE IDOLM@STER Splash Red for ディアリースターズ
0%
AS THE IDOLM@STER -Your Mess@ge-
0%
No matching quizzes found
Score Distribution
Percent of People with Each Score
Percentile by Number Answered
Your Score History
You have not taken this quiz